000 00312nam a2200145Ia 4500
008 230523s9999 xx 000 0 und d
082 _a174.4 RAJ
100 _aRaj, Rituparna
245 0 _aStudy in Business Ethics
260 _aMumbai
260 _bHimalaya
260 _c2014
300 _a166
942 _cTB
999 _c2473
_d2473